00466nam a2200157Ia 4500001000500000005001700005008004100022041000800063082001500071100004600086245012300132260000900255300002800264650000800292654000800300511020260306145844.0260306t2007||||xx |||||||||||||| ||spa|| aESP a333.7bA91 aAvellaneda Cusaría, José AlfonsoeAUT 0aGestión ambiental y planificación del desarrollo:bel sujeto ambiental y los conflictos ecológicos distributivos c2007 a304 páginas :c24 cm. aGEN aCAN